Naváranie tvárniacich nástrojov vysokolegovanými návarovými materiálmi : Diplomová práca

Salvato in:
Dettagli Bibliografici
Autore principale: Mosný, Jaroslav (Autore)
Altri autori: Jasenák, Jozef (xxx)
Natura: Manoscritto Libro
Lingua:slovacco
Pubblicazione: Trnava : STU v Bratislave MtF KZaZS, 1993
Soggetti:
Tags: Aggiungi Tag
Nessun Tag, puoi essere il primo ad aggiungerne!!

MARC

LEADER 00000ntm a22000003a 4500
001 stu124370
005 20160719155450.5
008 060803s1993----xo------------------slo-d
040 |a STU  |b slo 
041 0 |a slo 
044 |a xo 
100 1 |a Mosný, Jaroslav  |4 aut 
245 1 |a Naváranie tvárniacich nástrojov vysokolegovanými návarovými materiálmi :  |b Diplomová práca 
260 |a Trnava :  |b STU v Bratislave MtF KZaZS,  |c 1993 
300 |a 54 s 
650 7 |a strojárska technológia  |2 stusub 
700 1 |a Jasenák, Jozef  |4 xxx  |u M660  |T MTF Centrum transféru technológií  |U M660  |Y M660 
996 |b 284M073829  |c M*DP-3041  |l MMSKP  |s P  |a 0  |w stu124370_0001